000 00937cad a22001935a 4500
001 E150715
008 100823s2009 xxk f 000 0 eng d
035 _a(Sirsi) u150715
041 0 _aeng
110 2 _aUnited Kingdom
_bOffice of Government Commerce
_95119
245 0 2 _aA client guide to construction appraisal and evaluation
_h[electronic resource]
260 _a[London]
_bOGC
_c[2009]
520 _aOffers advice to central government departments and agencies on applying the Treasury's "Green Book" Guidance on appraisal and evaluation of construction policies, programmes, or projects.
590 _aKA
651 4 _aEngland
_y886-
690 _aBUILT ENVIRONMENT-CONSTRUCTION MANAGEMENT
856 4 0 _uhttps://webarchive.nationalarchives.gov.uk/20100503135839/http://www.ogc.gov.uk/documents/commodities_database/Client_Guide_to_Construction_Appraisal__Evaluation.pdf
_zView the report free of charge online...
942 _n0
999 _c110955
_d110955